Micromorphological, anatomical and molecular study of Hedera species (Araliaceae) in Iran

Hedera, with 12 extant species, is a genus of evergreen climbers native to Europe, north Africa, and south Asia. In this study, the micromorphological, anatomical structure and molecular evidences of 11 populations from two species of Hedera (H. helix and H. pastuchovii) have been considered to eval...

Teljes leírás

Elmentve itt :
Bibliográfiai részletek
Szerzők: Amini Elham
Nasrollahi Fatemeh
Sattarian Ali
Haji Moradkhani Mahboobeh
Boozarpour Sohrab
Habibi Meisam
Dokumentumtípus: Cikk
Megjelent: University of Szeged Szeged 2019
Sorozat:Acta biologica Szegediensis 63 No. 2
Kulcsszavak:Növénytan
Tárgyszavak:
doi:10.14232/abs.2019.2.91-101

Online Access:http://acta.bibl.u-szeged.hu/69592
LEADER 02340nab a2200289 i 4500
001 acta69592
005 20230222143837.0
008 200727s2019 hu o 0|| eng d
022 |a 1588-4082 
024 7 |a 10.14232/abs.2019.2.91-101  |2 doi 
040 |a SZTE Egyetemi Kiadványok Repozitórium  |b hun 
041 |a eng 
100 1 |a Amini Elham 
245 1 0 |a Micromorphological, anatomical and molecular study of Hedera species (Araliaceae) in Iran  |h [elektronikus dokumentum] /  |c  Amini Elham 
260 |a University of Szeged  |b Szeged  |c 2019 
300 |a 91-101 
490 0 |a Acta biologica Szegediensis  |v 63 No. 2 
520 3 |a Hedera, with 12 extant species, is a genus of evergreen climbers native to Europe, north Africa, and south Asia. In this study, the micromorphological, anatomical structure and molecular evidences of 11 populations from two species of Hedera (H. helix and H. pastuchovii) have been considered to evaluate the relationships in Hedera. In total, seven quantitative and qualitative characters of pollen were selected and measured. Based on this study, the anticlinal wall and surface sculpturing of seed support for separation of two species of Hedera. Micromorphology of epidermis illustrated two types of epidermal cells: puzzle-shaped and polygonal cells. Using nuclear (nrDNA ITS) marker, we reconstructed phylogenetic relationships within two species of Hedera. This data set was analyzed by phylogenetic methods including Bayesian inference, maximum likelihood, and maximum parsimony. In phylogenetic analyses, all members of two species formed a well-supported clade (PP = 1; ML/BS = 100/100) and divided into two major clades (A and B). Neighbor Net diagram demonstrated separation of the studied populations. The results showed that these taxa differ in taxonomically important micromorphological, anatomical and molecular characteristics and these data provide reliable evidence for separation of these two species. 
650 4 |a Természettudományok 
650 4 |a Biológiai tudományok 
695 |a Növénytan 
700 0 1 |a Nasrollahi Fatemeh  |e aut 
700 0 1 |a Sattarian Ali  |e aut 
700 0 2 |a Haji Moradkhani Mahboobeh  |e aut 
700 0 2 |a Boozarpour Sohrab  |e aut 
700 0 2 |a Habibi Meisam  |e aut 
856 4 0 |u http://acta.bibl.u-szeged.hu/69592/1/biologica_063_numb_001_091-101.pdf  |z Dokumentum-elérés